000 00314nam a2200133Ia 4500
005 20251222141957.0
008 251222s9999||||xx |||||||||||||| ||spa||
020 _a978-84-415-2803-1
082 _a741.6/L22
100 _aLanda, Robin
245 0 _aDiseño Gráfico y Publicidad:
264 _bAnaya
942 _cLIB
999 _c9888
_d9888